Putování mořského koně / (Záznam č. 14543)

Podrobnosti MARC
000 -Návěští
Řídící pole kódované 24B 00651nam a2200193 a 4500
001 - Kontrolní číslo
Řídící pole proměnné 4214400000006776
005 - Datum posledního zpracování
Řídící pole 16B 20180204160607.0
008 - Údaje pevné délky
Řídící pole kódované 40B 0125s1998----xr ---------u-------cze-d
020 ## - ISBN
ISBN 80-7185-179-5 :
Dostupnost 139.00 Kč
040 ## - Zdroj katalogizace-agentura
Agentura původní katalogizace abg508
Použitá pravidla popisu AACR2
-- 1
Jazyk katalogizace cze
100 1# - Hlavní záhlaví - osobní jméno autora
Osobní jméno Šabach, Petr
Kód role aut
245 10 - Údaje o názvu
Název Putování mořského koně /
Údaj o odpovědností, atd. Petr Šabach ; [il. Vladimír Jiránek]
250 ## - Údaje o vydání
Označení vydání 2. vyd.
260 ## - Nakladatelské údaje
Místo vydání Litomyšl :
Jméno nakladatele Horáček-Paseka,
datum vydání 1998
300 ## - Fyzický popis
Rozsah 116 s.
653 ## - Rejstříkový termín - volně tvořený
Volně tvořený termín novely
-- rodina
-- manželství
-- vztahy
700 1# - Vedlejší záhlaví - osobní jméno autora
Osobní jméno Jiránek, Vladimír
Kód role ill
910 ## - Údaje o vlastníkovi jednotky (exempláře)
Sigla vlastníka jednotky abg508
980 ## - ZClavia
-- 19990125
-- 6
-- U Vlachů Kralupy
-- 3/99
-- 139.00
-- 132.05
-- 421440039339
-- K
-- UR
Jednotky
Stav ztráty Stav poškození
   

Používáme knihovní systém Koha